000 004690000a22001810004500
003 MACL
005 20160123150842.0
008 160123b xxu||||| |||| 00| 0 eng d
040 _aMACL
_cMACL
041 _aEnglish
082 _a540.076/SIN
100 _aSingh, Ashish
_934359
245 _aConceptual Problems in Chemistry
260 _bJai Prakash Nath Publication
_c2002
_aMeerut
350 _a120
650 _aChemistry
_934360
942 _cBK
_k540.076/ Sin
_2ddc
999 _c32058
_d32058